Statistics for English soccer club ever play a cup in Europe

Click here to take the quiz!

General Stats

  • This quiz has been taken 3,289 times
    (433 since last reset)
  • The average score is 24 of 33

Answer Stats

C1C2C3Clubs% Correct
2958Manchester United
99%
25511Liverpool
99%
1127Manchester City
99%
2139Arsenal
98%
1754Chelsea
98%
5615Tottenham Hotspur
97%
113Leicester City
92%
2-11Aston Villa
90%
239Everton
90%
418Leeds United
86%
218Newcastle United
86%
3-3Nottingham Forest
84%
215Wolverhampton Wanderers
84%
-42West Ham United
83%
--3Fulham
76%
-16Southampton
76%
-1-Sunderland
76%
1-6Blackburn Rovers
69%
--1Norwich City
68%
-13West Bromwich Albion
65%
2-2Derby County
62%
--1Portsmouth
62%
--1Birmingham City
61%
--1Sheffield Wednesday
61%
1--Burnley
60%
--3Stoke City
58%
--2Queens Park Rangers
57%
--2Bolton Wanderers
53%
--2Middlesbrough
53%
1110Ipswich Town
52%
--1Wigan Athletic
50%
--1Watford
48%
--1Millwall
35%

Score Distribution

Percentile by Number Answered

Percent of People with Each Score

Your Score History

You have not taken this quiz since the last reset